| 000 | 00671nam a2200229 u 4500 | ||
|---|---|---|---|
| 005 | 20240912063859.0 | ||
| 008 | 170907s2010 ag r 000 0 spa d | ||
| 020 | _a9789501127904 | ||
| 035 | _aUPN01000220326 | ||
| 049 | _aI | ||
| 050 | 4 |
_aPZ74.3 _bCH6.3 |
|
| 100 | 0 |
_aChorchi _938276 |
|
| 245 | 1 | 3 |
_aEl cocinero caprichoso / _cChorchi ; il. Carlos TerĂ¡n |
| 260 |
_aBuenos Aires : _bSigmar, _c2010. |
||
| 300 |
_a[24] p. : _bprincipalmente il. col. |
||
| 440 | 3 | _aEl castillo amarillo | |
| 650 | 4 |
_aCuentos infantiles argentinos _97466 |
|
| 650 | 4 |
_aRimas infantiles _910247 |
|
| 650 | 4 |
_aCUENTOS HUMORISTICOS _911283 |
|
| 905 | _aInfantil | ||
| 999 |
_c192425 _d192425 |
||